| 000 | 01145nam a22002537a 4500 | ||
|---|---|---|---|
| 999 |
_c4482 _d4482 |
||
| 003 | OSt | ||
| 005 | 20250225092003.0 | ||
| 008 | 250225b ||||| |||| 00| 0 eng d | ||
| 020 | _a9781408815830 | ||
| 040 | _cKH8 | ||
| 082 | _aFIC CHA | ||
| 100 |
_aChase, Max, _eauthor. |
||
| 245 |
_aStar Fighter: _bSpace Wars / _cMax Chase. |
||
| 260 |
_aLondon ; _bBloomsbury Publishing , _c2012. |
||
| 300 |
_a116 pages : _billustrations ; _c20 cm. |
||
| 490 |
_aStar Fighter _vbook 6 |
||
| 520 | _aHaving escaped Xion, the crew of the Phoenix needs to find a way back home, but before they can locate the Milky Way they see a monstrous object looming through space towards them. It's the legendary Extractor - destroyer of planets - and it's on its way to destroy Xion. Faced with a dilemma: return home, or help save the aliens who just tried to kill them, Peri decides to use his half-human half-robot skills to try and save the Xion. Only then can they go home. | ||
| 650 |
_aFiction _vfighter |
||
| 650 |
_aFiction _vadventure |
||
| 650 |
_aFiction _vfantasy |
||
| 650 |
_aFiction _vfantasy adventure |
||
| 830 | _aStar fighter | ||
| 942 |
_2ddc _cER |
||